000 00635nam a2200181 i 4500
001 63229
003 ES-MaACL
005 20230906164818.0
007 t|
008 031203s1966 sp ||||1| spa d
100 1 _aFerrari, Alberto.
_950302
245 1 0 _aPolítca monetaria
_b: evolución y aspectos actuales /
_cAlberto Ferrari ; prólogo de Emilio de Figueroa ; traducción de Manuel Sánchez Ayuso.
260 _aMadrid :
_bRevista de Derecho Privado,
_c1966.
300 _aXXXII, 397 p. ;
_c23 cm.
700 1 _aFigueroa, Emilio de.
_950780
700 1 _aSánchez Ayuso, Manuel.
_9102475
852 _aES-MaACL
_jC-29339
_bR.59563
999 _c63229
_d63229